Experimental design and analysis for tree improvement (Record no. 75673)
[ view plain ]
| 000 -LEADER | |
|---|---|
| fixed length control field | 00438nam a22001457a 4500 |
| 020 ## - INTERNATIONAL STANDARD BOOK NUMBER | |
| ISBN | 978-1-80062-450-4 |
| 082 ## - DEWEY DECIMAL CLASSIFICATION NUMBER | |
| Classification number | 311:631.52 WIL |
| 100 ## - MAIN ENTRY--AUTHOR NAME | |
| Personal name | WILLIAM, E.R. etal |
| 245 ## - TITLE STATEMENT | |
| Title | Experimental design and analysis for tree improvement |
| 260 ## - PUBLICATION, DISTRIBUTION, ETC. (IMPRINT) | |
| Place of publication | Australia |
| Name of publisher | CSIRO Publishing |
| Year of publication | 2024 |
| 300 ## - PHYSICAL DESCRIPTION | |
| Number of Pages | 184p. |
| 650 ## - SUBJECT ADDED ENTRY--TOPICAL TERM | |
| Topical Term | Experimental planning |
| -- | Experimental design |
| -- | Tree improvement |
| -- | Lattice design |
| 942 ## - ADDED ENTRY ELEMENTS (KOHA) | |
| Koha item type | Books |
| Withdrawn status | Lost status | Damaged status | Not for loan | Home library | Current library | Date acquired | Source of acquisition | Full call number | Accession Number | Koha item type |
|---|---|---|---|---|---|---|---|---|---|---|
| RRII Library | RRII Library | 16/09/2025 | Techniz Books International, New Delhi | 311:631.52 WIL | 23623 | Books |